Les 10 États des États-Unis les plus froids - Statistiques

Statistiques générales
  • Ce quiz a été pris 107 fois
  • Le résultat moyen est 7 sur 10
Statistiques - réponses
°F État °C % Correct
28.0 Alaska -2.3
90%
41.0 Dakota du Nord 5.0
78%
41.8 Maine 5.4
75%
42.6 Montana 5.9
75%
43.1 Vermont 6.1
70%
43.9 Idaho 6.6
58%
42.3 Wyoming 5.7
58%
41.7 Minnesota 5.4
55%
43.9 Wisconsin 6.6
55%
44.0 New Hampshire 6.7
49%
Aucun quiz correspondant
Distribution des résultats
% des personnes avec chaque résultat
Percentile par nombre de réponses
Votre historique - résultats
Vous n’avez pas pris ce quiz